000 00296nam a22001337a 4500
003 SGT
082 _a347,UNI
100 _aGUPTA,RAJESH.
245 _aL.L.B. SOLVED PAPERS(JURISPRUDENCE-1)
260 _aDELHI
_bUNIVERSAL
_c2001
300 _aV.P.
650 _aJURISPRUDENCE-1)
942 _2ddc
_cBK
999 _c10340
_d10340